| 000 | 01319cam a22003497a 4500 | ||
|---|---|---|---|
| 003 | CHAP | ||
| 005 | 20220329141858.0 | ||
| 008 | 980330d1994 mx r 00010 spa d | ||
| 010 | _a75181 | ||
| 011 | _a76153 | ||
| 020 | _a9706204520 | ||
| 035 | _a85730 | ||
| 040 | _cCHAP | ||
| 082 | 0 | 4 |
_a352.072 _bC7 |
| 100 | 0 | 0 |
_aCruz Rodríguez, María Soledad. _929570 |
| 245 | 1 | 0 |
_aCrecimiento urbano y procesos sociales en el Distrito Federal (1920-28) _c/por María Soledad Cruz Rodríguez |
| 260 | 0 |
_aMéxico, D. F. : _bUniversidad Autónoma Metropolitana. Unidad Azcapotzalco. Departamento de Sociología, _c1994. |
|
| 300 | _a201 p. | ||
| 590 |
_aBATCH-UPD _b10 _c20130110 _lUCH01 _h0930 |
||
| 590 |
_aBATCH-UPD _b10 _c20130410 _lUCH01 _h0550 |
||
| 590 |
_aBATCH-UPD _b10 _c20130914 _lUCH01 _h1826 |
||
| 590 |
_aCONVERSION _b10 _c20130109 _lUCH01 _h1341 |
||
| 650 | 1 | 4 |
_aMéxico (Cd.) _xPolítica y gobierno. _976807 |
| 650 | 1 | 4 |
_aMéxico _xHistoria _xRevolución. _976768 |
| 650 | 1 | 4 |
_aReforma agraria _xMéxico (D.F.) _995573 |
| 650 | 1 | 4 |
_aUrbanismo _zMéxico (Cd.). _9116850 |
| 901 | _aBK | ||
| 905 | _aLilia Sánchez G. | ||
| 942 | _cLIBRO | ||
| 949 |
_a352.072 C7 _bBC _cLIBRO _d33724000591830 _eLIBRO _fc.2 _h92989 _i85730 _kDonaciØn _sb |
||
| 949 |
_a352.072 C7 _bBC _cLIBRO _d33724000591848 _eLIBRO _h92988 _i85730 _kDonaciØn _sb |
||
| 999 |
_c75181 _d75181 |
||